003380000a2200097000450024500510000030000510005177300230010294200080012595200900013399900170022310aDelaración universal de los derechos humanos aVol. 4, Num 2 (Junio de 1985), Páginas 62-630 tIglesia y Misión cANA 001040708HEMaFUSBCbFUSBCd2016-01-26l0o r2016-01-26 00:00:00w2016-01-26yANA c51589d51589